LEADER 00810nam0-22003011i-450- 001 990000075820403321 035 $a000007582 035 $aFED01000007582 035 $a(Aleph)000007582FED01 035 $a000007582 100 $a20011111d--------km-y0itay50------ba 101 0 $aita 105 $ay-------001yy 200 1 $aManuel de forgeage mécanique$fG. Lagardelle. 210 $aParis$cJ. B. Bailliere$d1924 215 $a356 p.$cill.$d16 cm 300 $aIn testa al front.: Bibliothèque professionnelle 610 0 $aMetalli$aLavorazione 610 0 $aForgiatura 676 $a671.33 700 1$aLagardelle,$bG. 801 0$aIT$bUNINA$gRICA$2UNIMARC 901 $aBK 912 $a990000075820403321 952 $a13 L 21 02$b5689$fFINBC 959 $aFINBC 997 $aUNINA DB $aING01 LEADER 01399nam 2200337Ia 450 001 996383982103316 005 20221108063010.0 035 $a(CKB)1000000000592394 035 $a(EEBO)2240881359 035 $a(OCoLC)45097488 035 $a(EXLCZ)991000000000592394 100 $a20000929d1687 uy 0 101 0 $aeng 135 $aurbn||||a|bb| 200 14$aThe humble address of the Presbyterians, presented to His Majesty, by Mr. Hurst, Mr. Chester, Mr. Slater, Mr. Oeakes, Mr. Roswell, Mr. Turner, Mr. Franklin, Mr. Deal, and Mr. Reynolds$b[electronic resource] $eWith his most gracious answer 210 $a[London $cs.n.$d1687] 215 $a1 sheet ([2] p.) 300 $aCaption title. 300 $aAttributed by Wing to Vincent Alsop. 300 $aPlace and date of publication suggested by Wing. 300 $aReproduction of original in the Bodleian Library. 330 $aeebo-0014 700 $aAlsop$b Vincent$f1629 or 30-1703.$0792737 701 $aHurst$b Henry$f1629-1690.$01005324 712 02$aEngland and Wales.$bSovereign (1685-1688 : James II) 801 0$bEAE 801 1$bEAE 906 $aBOOK 912 $a996383982103316 996 $aThe humble address of the Presbyterians, presented to His Majesty, by Mr. Hurst, Mr. Chester, Mr. Slater, Mr. Oeakes, Mr. Roswell, Mr. Turner, Mr. Franklin, Mr. Deal, and Mr. Reynolds$92387820 997 $aUNISA